| Tag |
First Indicator |
Second Indicator |
Subfields |
| LEADER |
00000cam a2200000 a 4500 |
| 001 |
in00000084160 |
| 005 |
20151008055706.0 |
| 007 |
hd af----b--- |
| 008 |
780215r19741973miua ab 00010 eng d |
| 035 |
|
|
|a (OCoLC)03641296
|
| 035 |
|
|
|9 AAJ4130AM
|
| 040 |
|
|
|a MoU
|c MNW
|d TXA
|d UtOrBLW
|
| 043 |
|
|
|a n-us-mo
|
| 049 |
|
|
|a TXAI
|
| 082 |
0 |
|
|a 607
|
| 099 |
|
|
|a film
|a B
|a 694
|
| 100 |
1 |
|
|a Hayden, Sterling William,
|d 1944-
|
| 245 |
1 |
4 |
|a The role of the industrial arts department chairman in Missouri public high schools /
|c by Sterling William Hayden.
|
| 264 |
|
1 |
|a [Place of publication not identified] :
|b [publisher not identified] ;
|c 1973.
|
| 300 |
|
|
|a ix, 152 leaves :
|b illustrations
|
| 336 |
|
|
|a text
|b txt
|2 rdacontent
|
| 337 |
|
|
|a microform
|b h
|2 rdamedia
|
| 338 |
|
|
|a microfilm reel
|b hd
|2 rdacarrier
|
| 500 |
|
|
|a Vita.
|
| 502 |
|
|
|b Ed. D.
|c University of Missouri-Columbia
|d 1973.
|
| 504 |
|
|
|a Bibliography: leaves 101-108.
|
| 533 |
|
|
|a Microfilm.
|b Ann Arbor, Mich. :
|c University Microfilms,
|d 1974.
|e 1 microfilm reel : ill. ; 35 mm.
|
| 500 |
|
|
|a Microform.
|
| 650 |
|
0 |
|a High school department heads
|z Missouri.
|
| 650 |
|
0 |
|a Industrial arts
|x Study and teaching (Secondary)
|z Missouri.
|
| 999 |
|
|
|a MARS
|
| 999 |
f |
f |
|s cfb2f4a7-8e26-36dc-8550-a00386343f09
|i 61948542-32a2-3f0e-8036-269694acd1d9
|t 0
|
| 952 |
f |
f |
|p default
|a Texas A&M University
|b College Station
|c Sterling C. Evans Library
|d Evans: Microforms (3rd floor)
|t 0
|e film B 694
|h Other scheme
|i microform -- microfilm reel
|
| 998 |
f |
f |
|a film B 694
|t 0
|l Evans: Microforms (3rd floor)
|